000 00896pam a2200253 a 4500
001 4396
005 20250820103056.0
020 _a0590542109
040 _aDLC
_cDLC
_dDLC
_beng
050 0 0 _aPZ7.P75186
_b1994
082 0 0 _a973.7
100 1 _aPolacco, Patricia
245 1 0 _aPink and Say /
_cPatricia Polacco
250 _aFirst scholastic printing , September 1995
260 _aNew York :
_bScholastic ;
_c1994
300 _a48 unnumbered pages :
_bcolor illustrations ;
_c29 cm.
505 _aQ
520 _aSay Curtis describes his meeting with Pinkus Aylee, a black soldier, during the Civil War, and their capture by Southern troops. Based on a true story about the author's great-great-grandfather.
521 _a660
_bLexile
521 _aQ
_bRaz-Plus
650 1 _aFriendship
_xFiction.
906 _a7
_bcbc
_corignew
_d1
_eocip
_f19
_gy-gencatlg
942 _2ddc
_cBK
_n0
999 _c4396
_d4396